El último mago o bilembambudin /

Guardado en:
Autor Principal: Bornemann, Elsa Isabel
Formato: Libro
Publicado: Buenos Aires : Librer¡as Fausto, 1991
Series:La Lechuza1
Etiquetas: Agregar Etiqueta
Sin Etiquetas, Sea el primero en etiquetar este registro!
LEADER 00448nam a22001575a 4500
001 CEM.cems007128
005 20060214000000.0
008 130507s1991##################000#0#####d
003 CEMS
082 0 4 |a A863.4 
100 1 |a Bornemann, Elsa Isabel 
245 1 0 |a El último mago o bilembambudin / 
260 |a Buenos Aires :  |b Librer¡as Fausto,  |c 1991 
300 |a 135 p. 
490 0 |a La Lechuza1 
859 |a CEMS  |b BIB. CEMS - 11 de abril  |h A863.4  |i B645  |p 16865.93  |t Ej.1